UBT Library

Wealth and want / (Record no. 41503)

000 -LEADER
fixed length control field 00638cam a2200241 i 4500
001 - CONTROL NUMBER
control field 3633237
005 - DATE AND TIME OF LATEST TRANSACTION
control field 20180201051051.0
008 - FIXED-LENGTH DATA ELEMENTS--GENERAL INFORMATION
fixed length control field 750623r1975 nju b 001 0 eng
010 ## - LIBRARY OF CONGRESS CONTROL NUMBER
LC control number 75004460
020 ## - INTERNATIONAL STANDARD BOOK NUMBER
Terms of availability $6.95
040 ## - CATALOGING SOURCE
Original cataloging agency DLC
Transcribing agency DLC
Modifying agency DLC
041 ## - LANGUAGE CODE
Language code of text/sound track or separate title eng
043 ## - GEOGRAPHIC AREA CODE
Geographic area code n-us---
080 ## - UNIVERSAL DECIMAL CLASSIFICATION NUMBER
Universal Decimal Classification number 339.20973 LEB
082 00 - DEWEY DECIMAL CLASSIFICATION NUMBER
Classification number 339.20973 LEB
100 1# - Rafti
Rafti 52
101 ## - Shkurtesa
Shkurtesa EKO
240 10 - UNIFORM TITLE
Uniform title <a href="American economy.">American economy.</a>
Number of part/section of a work Pt. 1.
Name of part/section of a work Wealth and want
245 10 - TITLE STATEMENT
Title Wealth and want /
Statement of responsibility, etc Stanley Lebergott.
504 ## - BIBLIOGRAPHY, ETC. NOTE
Bibliography, etc Includes bibliographical references and index.
906 ## - LOCAL DATA ELEMENT F, LDF (RLIN)
a 7
b cbc
c orignew
d 1
e ocip
f 19
g y-gencatlg
942 ## - ADDED ENTRY ELEMENTS (KOHA)
Source of classification or shelving scheme
Item type Books
Holdings
Withdrawn status Lost status Source of classification or shelving scheme Damaged status Not for loan Collection code Permanent location Current location Shelving location Date acquired Total Checkouts Full call number Barcode Date last seen Price effective from Koha item type
          Koleksioni i përgjithshem UBT - Lipjan UBT - Lipjan Koleksioni i përgjithshem 02/01/2018   339.20973 LEB 002-2997692 02/01/2018 02/01/2018 Books
UBT Library © 2015-2024. All rights reserved University Education for Business and Technology